[Event "NZL-ch op 126th"]
[Site "Auckland"]
[Date "2019.01.21"]
[Round "8"]
[White "Milligan, Helen"]
[Black "Goormachtigh, Johan"]
[Result "0-1"]
[WhiteElo "1954"]
[BlackElo "2148"]
[PlyCount "90"]
[EventDate "2019.01.14"]
[EventType "swiss"]
[EventRounds "9"]
[EventCountry "NZL"]
[SourceTitle "CBM 188 Extra"]
[Source "ChessBase"]
[SourceDate "2019.02.26"]
[SourceVersion "1"]
[SourceVersionDate "2019.02.26"]
[SourceQuality "1"]

1. e4 c5 2. Nf3 e6 3. d4 cxd4 4. Nxd4 Nc6 5. Nc3 Qc7 6. Be3 a6 7. Qd2 Nf6 8. f3 Bb4 9. 0-0-0 0-0 10. g4 b5 11. Nxc6 dxc6 12. a3 Be7 13. Qf2 Nd7 14. f4 b4 15. axb4 Bxb4 16. Na2 Be7 17. e5 Qa5 18. Bc4 Rb8 19. Bd4 c5 20. Bc3 Qa4 21. Bb3 Rxb3 22. cxb3 Qxa2 23. h4 Qxb3 24. f5 c4 25. f6 Ba3 26. fxg7 Kxg7 27. Rh3 Be7 28. g5 Nc5 29. Qf4 Nd3+ 30. Rdxd3 cxd3 31. Rxd3 Qb5 32. Rg3 Qe2 33. Rf3 Bb7 34. Re3 Qh5 35. Rd3 Bc6 36. Rd6 Qf3 37. Qxf3 Bxf3 38. Rxa6 Rc8 39. Kd2 Rc4 40. Ke3 Bh5 41. Bd4 Bc5 42. Bxc5 Rxc5 43. Kf4 Rc4+ 44. Kg3 Rg4+ 45. Kh3 Rb4 0-1

[Event "NZL-ch op 126th"]
[Site "Auckland"]
[Date "2019.01.15"]
[Round "2"]
[White "Goormachtigh, Johan"]
[Black "Gareyev, Timur"]
[Result "1/2-1/2"]
[WhiteElo "2148"]
[BlackElo "2565"]
[PlyCount "86"]
[EventDate "2019.01.14"]
[EventType "swiss"]
[EventRounds "9"]
[EventCountry "NZL"]
[SourceTitle "CBM 188 Extra"]
[Source "ChessBase"]
[SourceDate "2019.02.26"]
[SourceVersion "1"]
[SourceVersionDate "2019.02.26"]
[SourceQuality "1"]

1. d4 d6 2. Nf3 Bf5 3. g3 Qc8 4. c3 Nf6 5. Nbd2 g6 6. Bg2 Bg7 7. 0-0 0-0 8. Re1 Bh3 9. Bh1 Bg4 10. e4 Nc6 11. Qc2 e5 12. dxe5 Nxe5 13. Nxe5 dxe5 14. Nc4 Re8 15. f3 Bd7 16. a4 h5 17. Bg2 h4 18. Be3 hxg3 19. hxg3 Nh5 20. Qf2 a5 21. b3 f5 22. Bg5 f4 23. g4 Nf6 24. Qe2 Nh7 25. Bh4 Be6 26. Rad1 g5 27. Bf2 Nf8 28. Rd2 Rd8 29. Bf1 Rxd2 30. Qxd2 Qe8 31. Rd1 Ng6 32. Qc2 Bf8 33. Nb2 Ba3 34. Bc4 Bxb2 35. Bxe6+ Qxe6 36. Qxb2 Kf7 37. c4 Ne7 38. Qd2 b6 39. Qd7 Qxd7 40. Rxd7 Rc8 41. c5 Ke6 42. Rd3 Rb8 43. cxb6 cxb6 1/2-1/2

[Event "NED-chT 1819"]
[Site "Netherlands"]
[Date "2018.11.24"]
[Round "4.6"]
[White "Van Osch, Mees"]
[Black "Goormachtigh, Johan"]
[Result "1-0"]
[WhiteElo "2310"]
[BlackElo "2165"]
[PlyCount "81"]
[EventDate "2018.09.15"]
[EventType "team-tourn"]
[EventRounds "9"]
[EventCountry "NED"]
[SourceTitle "CBM 187 Extra"]
[Source "ChessBase"]
[SourceDate "2018.11.04"]
[SourceVersion "1"]
[SourceVersionDate "2018.11.04"]
[SourceQuality "1"]
[WhiteTeam "De Stukkenjagers"]
[BlackTeam "Sas van Gent"]
[WhiteTeamCountry "NED"]
[BlackTeamCountry "NED"]

1. e4 c5 2. Nf3 e6 3. d4 cxd4 4. Nxd4 Nc6 5. Nc3 Qc7 6. f4 a6 7. Nxc6 Qxc6 8. Be2 b5 9. Bf3 Bb7 10. Be3 Rc8 11. a3 Bc5 12. Bd4 f6 13. Bh5+ g6 14. Bf3 Qd6 15. Bxc5 Qxd1+ 16. Rxd1 Rxc5 17. Rd6 Ne7 18. 0-0 Nc8 19. Rd4 Ke7 20. a4 Nb6 21. axb5 axb5 22. Rb4 Nc4 23. Be2 Nxb2 24. Nxb5 Rxc2 25. Nd4 Rd2 26. Rxb7 Rxd4 27. Rxb2 Rxe4 28. g3 Rd4 29. Rd1 Rxd1+ 30. Bxd1 Rc8 31. Kf2 Ra8 32. Bf3 Ra7 33. Kg2 Rc7 34. h4 h5 35. Be4 Kf7 36. Rb7 Rxb7 37. Bxb7 g5 38. hxg5 fxg5 39. fxg5 Kg6 40. Kh3 Kxg5 41. Bc8 1-0

[Event "BEL-chT 1819"]
[Site "Belgium"]
[Date "2018.10.28"]
[Round "3.7"]
[White "Goormachtigh, Johan"]
[Black "Cekro, Ekrem"]
[Result "1/2-1/2"]
[WhiteElo "2165"]
[BlackElo "2392"]
[PlyCount "58"]
[EventDate "2018.09.30"]
[EventType "team-tourn"]
[EventRounds "11"]
[EventCountry "BEL"]
[SourceTitle "CBM 187 Extra"]
[Source "ChessBase"]
[SourceDate "2018.11.04"]
[SourceVersion "1"]
[SourceVersionDate "2018.11.04"]
[SourceQuality "1"]
[WhiteTeam "KGSRL"]
[BlackTeam "Fontaine"]
[WhiteTeamCountry "BEL"]
[BlackTeamCountry "BEL"]

1. d4 Nf6 2. c4 e6 3. Nf3 d5 4. Nc3 Nbd7 5. cxd5 exd5 6. Bg5 c6 7. Qc2 Bd6 8. e3 h6 9. Bh4 0-0 10. Bd3 Re8 11. 0-0-0 Nf8 12. Kb1 Be7 13. h3 Ne4 14. Bxe7 Nxc3+ 15. Qxc3 Qxe7 16. Rc1 Be6 17. Ne5 Rec8 18. g4 f6 19. Ng6 Nxg6 20. Bxg6 b6 21. Qd3 c5 22. dxc5 Rxc5 23. Bf5 Rd8 24. Rhd1 Bxf5 25. Qxf5 d4 26. Rxc5 bxc5 27. exd4 cxd4 28. Qd3 Qd6 29. a3 Qe5 1/2-1/2

[Event "BEL-chT 1819"]
[Site "Belgium"]
[Date "2018.09.30"]
[Round "1.8"]
[White "Blom, Vincent"]
[Black "Goormachtigh, Johan"]
[Result "1/2-1/2"]
[WhiteElo "2270"]
[BlackElo "2165"]
[PlyCount "81"]
[EventDate "2018.09.30"]
[EventType "team-tourn"]
[EventRounds "11"]
[EventCountry "BEL"]
[SourceTitle "CBM 186 Extra"]
[Source "ChessBase"]
[SourceDate "2018.08.24"]
[SourceVersion "1"]
[SourceVersionDate "2018.08.24"]
[SourceQuality "1"]
[WhiteTeam "Wachtebeke"]
[BlackTeam "KGSRL"]
[WhiteTeamCountry "BEL"]
[BlackTeamCountry "BEL"]

1. c4 c5 2. g3 Nc6 3. Bg2 g6 4. h4 h5 5. d3 Bg7 6. Nc3 d6 7. Nh3 Qd7 8. 0-0 b6 9. e4 Bb7 10. Be3 Nf6 11. f3 e6 12. Nf4 Ne5 13. Bh3 Qe7 14. d4 cxd4 15. Bxd4 0-0 16. Qe2 Rfe8 17. Rad1 Nxf3+ 18. Qxf3 e5 19. Nxg6 fxg6 20. Be3 Nh7 21. Nd5 Bxd5 22. cxd5 Rf8 23. Qe2 Rxf1+ 24. Rxf1 Rf8 25. Rc1 Kh8 26. Rc6 Bf6 27. Bh6 Bg7 28. Bd2 Qf6 29. Bb4 Rd8 30. Qf1 Qe7 31. Qc4 g5 32. Rc7 Qf6 33. Qf1 gxh4 34. Qxf6 Nxf6 35. Bf5 hxg3 36. Kg2 a5 37. Bd2 h4 38. Bg5 Rf8 39. Bxh4 Nxd5 40. exd5 Rxf5 41. Rc6 1/2-1/2

[Event "Geraardsbergen op 34th"]
[Site "Geraardsbergen"]
[Date "2018.08.14"]
[Round "7"]
[White "Stuer, Marc"]
[Black "Goormachtigh, Johan"]
[Result "1/2-1/2"]
[WhiteElo "1991"]
[BlackElo "2161"]
[PlyCount "46"]
[EventDate "2018.08.11"]
[EventType "swiss"]
[EventRounds "9"]
[EventCountry "BEL"]
[SourceTitle "CBM 186 Extra"]
[Source "ChessBase"]
[SourceDate "2018.08.24"]
[SourceVersion "1"]
[SourceVersionDate "2018.08.24"]
[SourceQuality "1"]

1. d4 Nf6 2. c4 g6 3. Nf3 Bg7 4. g3 0-0 5. Bg2 d6 6. 0-0 Nc6 7. Nc3 Bf5 8. d5 Na5 9. Nd2 c5 10. e4 Bg4 11. Qc2 a6 12. h3 Bd7 13. b3 b5 14. Bb2 Rb8 15. Rab1 bxc4 16. bxc4 Rb4 17. a3 Rb8 18. Ne2 Qc7 19. Bc3 Nh5 20. g4 Bxc3 21. Qxc3 Ng7 22. f4 f6 23. Nf3 e5 1/2-1/2

[Event "Geraardsbergen op 34th"]
[Site "Geraardsbergen"]
[Date "2018.08.12"]
[Round "4"]
[White "Okhotnik, Vladimir"]
[Black "Goormachtigh, Johan"]
[Result "1/2-1/2"]
[WhiteElo "2371"]
[BlackElo "2161"]
[PlyCount "73"]
[EventDate "2018.08.11"]
[EventType "swiss"]
[EventRounds "9"]
[EventCountry "BEL"]
[SourceTitle "CBM 186 Extra"]
[Source "ChessBase"]
[SourceDate "2018.08.24"]
[SourceVersion "1"]
[SourceVersionDate "2018.08.24"]
[SourceQuality "1"]

1. e4 c5 2. Nf3 e6 3. c4 Nc6 4. Nc3 Nf6 5. Be2 d5 6. exd5 exd5 7. d4 Be6 8. cxd5 Nxd5 9. 0-0 Nxc3 10. bxc3 Be7 11. Rb1 0-0 12. Rxb7 cxd4 13. Nxd4 Nxd4 14. cxd4 Bd5 15. Rb2 Bd6 16. Bf3 Qh4 17. g3 Bxf3 18. Qxf3 Qxd4 19. Rd1 Qc4 20. Be3 Rab8 21. Rb7 Rxb7 22. Qxb7 Ba3 23. Qb3 Qxb3 24. axb3 a5 25. Rd5 Bb4 26. Bc5 Bxc5 27. Rxc5 Ra8 28. Rc4 Kf8 29. Ra4 Rb8 30. Ra3 Ke7 31. Kf1 Rb5 32. Ke2 Rd5 33. Ra4 Rb5 34. Re4+ Kf6 35. Rf4+ Ke6 36. Rg4 Kf6 37. Rd4 1/2-1/2

[Event "Charleroi op"]
[Site "Charleroi"]
[Date "2018.08.03"]
[Round "8"]
[White "Gitu, Paula Alexandra"]
[Black "Goormachtigh, Johan"]
[Result "1/2-1/2"]
[WhiteElo "1990"]
[BlackElo "2148"]
[PlyCount "87"]
[EventDate "2018.07.28"]
[EventType "swiss"]
[EventRounds "9"]
[EventCountry "BEL"]
[SourceTitle "CBM 185 Extra"]
[Source "ChessBase"]
[SourceDate "2018.07.29"]
[SourceVersion "1"]
[SourceVersionDate "2018.07.29"]
[SourceQuality "1"]

1. e4 c5 2. Nc3 Nc6 3. g3 g6 4. Bg2 Bg7 5. d3 d6 6. f4 e6 7. Nge2 Nge7 8. 0-0 0-0 9. Be3 b6 10. d4 Ba6 11. Rf2 Rc8 12. Rb1 d5 13. f5 cxd4 14. Nxd4 Bxd4 15. Bxd4 Nxd4 16. Qxd4 dxe4 17. Qxd8 Rfxd8 18. fxe6 f5 19. Bxe4 fxe4 20. Rf7 Nd5 21. Nxe4 Rc7 22. Nf6+ Nxf6 23. Rxc7 Re8 24. Re1 Bc8 25. e7 Kf7 26. Rxa7 Bf5 27. c4 Be4 28. Ra6 Bd3 29. b3 Rb8 30. Re3 Bf5 31. Ra7 Ke8 32. Rc7 h5 33. Rc6 Ne4 34. Rc7 Nf6 35. Re1 Nd7 36. Kg2 Nc5 37. h3 Ra8 38. Re2 Ne6 39. Rb7 Nd4 40. Re3 Rxa2+ 41. Kg1 Ra1+ 42. Kg2 Ra2+ 43. Kg1 Ra1+ 44. Kg2 1/2-1/2